[Event "GBR-ch86"]
[Site "Scarborough"]
[Date "1999.08.12"]
[Round "10.33"]
[White "Gokhale, Anupama"]
[Black "Jackson, Oliver"]
[Result "1-0"]
[WhiteElo "2181"]
[BlackElo "2242"]
[PlyCount "117"]
[EventDate "1999.08.02"]
[EventType "swiss"]
[EventRounds "11"]
[EventCountry "GBR"]

1. d4 d5 2. c4 e5 3. e3 Nc6 4. dxe5 dxc4 5. Qxd8+ Kxd8 6. Bxc4 Nxe5 7. Be2 Bf5
8. Nf3 Bd6 9. O-O Nf6 10. Nxe5 Bxe5 11. Nd2 Re8 12. Nc4 Re6 13. Nxe5 Rxe5 14.
b3 Ke8 15. Bb2 Re6 16. Bc4 Rd6 17. e4 Nxe4 18. Rfe1 Kd7 19. Ba3 Rd2 20. Bxf7
Nd6 21. Bh5 Rf8 22. Bf3 b6 23. Bb4 Rd4 24. Bc3 Rd3 25. Rac1 g6 26. Bg7 Rf7 27.
Bc6+ Kc8 28. Be5 Bd7 29. Bf3 Kb8 30. h4 Rd2 31. a4 h6 32. a5 b5 33. Red1 Rxd1+
34. Rxd1 Nf5 35. a6 Nxh4 36. Bc6 Kc8 37. Bd5 Rf5 38. Bb7+ Kd8 39. Bd4 c5 40.
Be3 Kc7 41. b4 Bc6 42. Bxc6 Kxc6 43. Rc1 c4 44. Bxa7 Rd5 45. Bc5 Nf5 46. Ra1
Rd8 47. a7 Kb7 48. g4 Ng7 49. Ra5 Ka8 50. Rxb5 c3 51. Be3 c2 52. Rc5 Rd1+ 53.
Kg2 c1=Q 54. Rxc1 Rxc1 55. Bxc1 Kxa7 56. Bxh6 Ne6 57. Kf3 Kb6 58. Ke4 Kc6 59.
Ke5 1-0

[Event "GBR-ch86"]
[Site "Scarborough"]
[Date "1999.08.12"]
[Round "10.34"]
[White "Farndon, David"]
[Black "Stephenson, F Norman"]
[Result "1/2-1/2"]
[WhiteElo "2238"]
[BlackElo "2212"]
[PlyCount "89"]
[EventDate "1999.08.02"]
[EventType "swiss"]
[EventRounds "11"]
[EventCountry "GBR"]

1. c4 e5 2. g3 Nf6 3. Bg2 d5 4. cxd5 Nxd5 5. Nf3 Nc6 6. O-O Nb6 7. d3 Be7 8. a3
O-O 9. Nbd2 f6 10. b4 a5 11. b5 Nd4 12. Nxd4 Qxd4 13. Qb3+ Kh8 14. Bb2 Qa4 15.
Rfc1 Bd6 16. Qxa4 Nxa4 17. Bc3 Nxc3 18. Rxc3 e4 19. d4 f5 20. f3 Bd7 21. fxe4
fxe4 22. Nxe4 Bxb5 23. Nxd6 cxd6 24. Bxb7 Rae8 25. e3 h6 26. Rb1 Be2 27. Re1
Bf3 28. Bxf3 Rxf3 29. Kg2 Rf6 30. e4 Kh7 31. Re2 Kg6 32. h3 Rb8 33. d5 Rb1 34.
Rf2 a4 35. h4 Rb3 36. Rff3 Rb2+ 37. Kf1 Ra2 38. Ke1 h5 39. Kd1 Rf7 40. Rxf7
Kxf7 41. Kc1 Rg2 42. Rf3+ Ke7 43. Kd1 g6 44. Ke1 Ra2 45. Kd1 1/2-1/2

[Event "GBR-ch86"]
[Site "Scarborough"]
[Date "1999.08.12"]
[Round "10.35"]
[White "Greet, Andrew"]
[Black "Lilley, Graham"]
[Result "1-0"]
[WhiteElo "2215"]
[BlackElo "2235"]
[PlyCount "121"]
[EventDate "1999.08.02"]
[EventType "swiss"]
[EventRounds "11"]
[EventCountry "GBR"]

1. e4 c5 2. Nf3 Nc6 3. d4 cxd4 4. Nxd4 g6 5. Nc3 Bg7 6. Be3 Nf6 7. Bc4 Qa5 8.
O-O O-O 9. Nb3 Qc7 10. Be2 d6 11. f4 Bd7 12. g4 Rac8 13. Bf3 Qb8 14. g5 Ne8 15.
Qd2 b5 16. a3 a5 17. Nd4 Nxd4 18. Bxd4 e5 19. fxe5 dxe5 20. Be3 Be6 21. Rad1 b4
22. axb4 axb4 23. Na4 b3 24. c3 Nc7 25. Nc5 Rfd8 26. Qe2 Bf8 27. Nxe6 Nxe6 28.
Bg4 Rc6 29. Bxe6 Rxe6 30. Qf3 Re7 31. Qf6 Red7 32. Rxd7 Rxd7 33. Qc6 Qb7 34.
Qxb7 Rxb7 35. Ra1 Kg7 36. Kf2 Be7 37. Ra5 f6 38. gxf6+ Kxf6 39. Ke2 Ke6 40. c4
Bb4 41. Rb5 Rxb5 42. cxb5 Kd6 43. Kd3 Bc5 44. Bd2 Bg1 45. Bb4+ Kc7 46. h3 Kb6
47. Kc4 Bd4 48. Be7 Bxb2 49. Bd8+ Kb7 50. Kxb3 Bd4 51. Kc4 h5 52. Kd5 Bc3 53.
Bf6 Kb6 54. Bxe5 Bd2 55. Bd6 g5 56. e5 g4 57. hxg4 hxg4 58. e6 Bg5 59. Kc4 g3
60. e7 g2 61. Bc5+ 1-0

[Event "GBR-ch86"]
[Site "Scarborough"]
[Date "1999.08.12"]
[Round "10.36"]
[White "Smith, Andrew Philip"]
[Black "D'Costa, Lorin"]
[Result "1-0"]
[WhiteElo "2275"]
[BlackElo "2215"]
[PlyCount "45"]
[EventDate "1999.08.02"]
[EventType "swiss"]
[EventRounds "11"]
[EventCountry "GBR"]

1. e4 c5 2. Nf3 d6 3. d4 cxd4 4. Nxd4 Nf6 5. Nc3 Nc6 6. Bg5 e6 7. Be2 Be7 8.
O-O a6 9. Nxc6 bxc6 10. Qd3 O-O 11. Rad1 Qb6 12. b3 Rd8 13. Qg3 e5 14. Bc4 Qb7
15. Rd3 Ne8 16. f4 exf4 17. Rxf4 Be6 18. Bxe6 fxe6 19. Rdf3 d5 20. Qg4 Qd7 21.
Bxe7 Qxe7 22. Rf8+ Qxf8 23. Qxe6+ 1-0

[Event "GBR-ch86"]
[Site "Scarborough"]
[Date "1999.08.12"]
[Round "10.37"]
[White "Devereaux, Max"]
[Black "Rahman, Taibur"]
[Result "0-1"]
[WhiteElo "2265"]
[BlackElo "2210"]
[PlyCount "144"]
[EventDate "1999.08.02"]
[EventType "swiss"]
[EventRounds "11"]
[EventCountry "GBR"]

1. e4 c5 2. Nf3 Nc6 3. d4 cxd4 4. Nxd4 e5 5. Nb5 d6 6. Bc4 Be7 7. O-O Nf6 8.
N5c3 O-O 9. Bg5 Be6 10. Bxf6 Bxc4 11. Bxe7 Qxe7 12. Re1 Rac8 13. b3 Be6 14. Nb5
a6 15. N5a3 b5 16. c4 Nd4 17. Nd2 Qg5 18. Nc2 Nxc2 19. Qxc2 bxc4 20. Nxc4 d5
21. Qd2 Qxd2 22. Nxd2 d4 23. Rac1 f6 24. f3 Rfd8 25. Kf2 Kf7 26. Ke2 Ke7 27.
Kd3 Bd7 28. Nc4 Bb5 29. Re2 Bxc4+ 30. Rxc4 Rxc4 31. Kxc4 Kd6 32. Kb4 a5+ 33.
Kb5 Rb8+ 34. Kc4 Rc8+ 35. Kb5 Rb8+ 36. Kc4 Rb4+ 37. Kd3 a4 38. bxa4 Rxa4 39.
Rb2 Kc6 40. h4 Ra3+ 41. Ke2 Kc5 42. h5 Ra7 43. Kd3 g6 44. Rc2+ Kd6 45. hxg6
hxg6 46. Rb2 Ra6 47. Kd2 f5 48. exf5 gxf5 49. Kd3 Ra3+ 50. Rb3 Rxa2 51. f4 Rxg2
52. fxe5+ Kxe5 53. Rb5+ Kf4 54. Rd5 Rg3+ 55. Kxd4 Rg1 56. Ra5 Rd1+ 57. Kc3 Kg4
58. Kc2 Rd8 59. Ra7 f4 60. Rg7+ Kf3 61. Rf7 Kg3 62. Rg7+ Kf2 63. Rf7 f3 64. Rg7
Kf1 65. Rf7 f2 66. Rg7 Rd5 67. Rg6 Ke2 68. Re6+ Kf3 69. Rf6+ Ke3 70. Rf8 Rd4
71. Re8+ Re4 72. Rf8 Rf4 0-1

[Event "GBR-ch86"]
[Site "Scarborough"]
[Date "1999.08.12"]
[Round "10.38"]
[White "Harris, Costas"]
[Black "Sugden, John"]
[Result "1-0"]
[WhiteElo "2065"]
[BlackElo "2241"]
[PlyCount "75"]
[EventDate "1999.08.02"]
[EventType "swiss"]
[EventRounds "11"]
[EventCountry "GBR"]

1. Nf3 f5 2. d4 Nf6 3. c4 g6 4. Nc3 Bg7 5. Bf4 d6 6. h3 h6 7. Qa4+ c6 8. c5 O-O
9. cxd6 exd6 10. e3 Qe7 11. Qa3 Ne8 12. O-O-O Qf6 13. Bd3 Nd7 14. Qb3+ Rf7 15.
g4 g5 16. Bg3 fxg4 17. Nd2 Nf8 18. Nde4 Qe7 19. h4 d5 20. Nd2 gxh4 21. Bxh4 Qd6
22. Bg3 Qe7 23. Rdg1 b5 24. Bf4 Rxf4 25. exf4 Qf7 26. Ne2 Ne6 27. f5 Nxd4 28.
Nxd4 Bxd4 29. Rxg4+ Bg7 30. Rxh6 Bxf5 31. Bxf5 Qxf5 32. Qh3 Kf7 33. Rhh4 Qe5
34. Qf3+ Kg8 35. Qc3 Qe1+ 36. Kc2 Qxf2 37. Qe5 Qf6 38. Rxg7+ 1-0

[Event "GBR-ch86"]
[Site "Scarborough"]
[Date "1999.08.12"]
[Round "10.40"]
[White "Thipsay, Bhagyashree"]
[Black "Buckley, Melanie"]
[Result "0-1"]
[WhiteElo "2335"]
[BlackElo "2075"]
[PlyCount "110"]
[EventDate "1999.08.02"]
[EventType "swiss"]
[EventRounds "11"]
[EventCountry "GBR"]

1. e4 e6 2. d4 d5 3. e5 c5 4. c3 Nc6 5. Nf3 Qb6 6. a3 c4 7. Nbd2 Na5 8. Be2 Bd7
9. O-O Ne7 10. Re1 Qc6 11. Qc2 Nc8 12. Bd1 Nb6 13. a4 h6 14. Qb1 Qc7 15. Qa2
O-O-O 16. Nf1 Kb8 17. Ng3 Rc8 18. Be3 Bc6 19. Nd2 Be8 20. Nh5 Nd7 21. Nf4 Nb6
22. Qb1 Bc6 23. g4 Qd7 24. Qa2 g6 25. Ng2 Be7 26. f4 g5 27. f5 exf5 28. gxf5
Qxf5 29. Rf1 Qg6 30. b4 cxb3 31. Nxb3 Nbc4 32. Nxa5 Nxa5 33. Qf2 Rhf8 34. Bg4
Rc7 35. Bf5 Qg7 36. Qe2 f6 37. e6 Nc4 38. Bf2 Ka8 39. Bg3 Bd6 40. Bxd6 Nxd6 41.
Ne3 Qe7 42. Rfe1 Rd8 43. Qg2 Nc4 44. Ng4 h5 45. Nf2 Nd6 46. Qf3 g4 47. Qf4 Ne8
48. Nd1 Ng7 49. Ne3 Qd6 50. Qh6 Nxe6 51. Nxg4 Ng5 52. Qxh5 Nf3+ 53. Kf2 Nxe1
54. Rxe1 Rg7 55. Qh6 Rg5 0-1

[Event "GBR-ch86"]
[Site "Scarborough"]
[Date "1999.08.12"]
[Round "10.42"]
[White "Dempsey, Paul"]
[Black "Barton, R Alan"]
[Result "1-0"]
[WhiteElo "2168"]
[BlackElo "2149"]
[PlyCount "109"]
[EventDate "1999.08.02"]
[EventType "swiss"]
[EventRounds "11"]
[EventCountry "GBR"]

1. d4 c5 2. d5 Nf6 3. Nc3 Qa5 4. Bd2 b5 5. a3 a6 6. e4 Qc7 7. f3 Bb7 8. Nge2 d6
9. Nf4 Nbd7 10. Be2 g6 11. O-O Bg7 12. Nh3 O-O 13. Qc1 e6 14. dxe6 fxe6 15. Bf4
Nh5 16. Bh6 d5 17. Bxg7 Kxg7 18. Qg5 d4 19. Nd1 Qd8 20. Qxd8 Raxd8 21. b3 Nb6
22. Nb2 e5 23. a4 bxa4 24. Nxa4 Nxa4 25. Rxa4 Rd6 26. Rfa1 Ra8 27. Ra5 Rc6 28.
Bc4 Nf6 29. Nf2 Rc7 30. Nd3 Nd7 31. Bxa6 Bxa6 32. Rxa6 Rxa6 33. Rxa6 c4 34.
bxc4 Nb8 35. Rb6 Nc6 36. c5 Kf8 37. Kf2 Ke8 38. Kg3 Kd7 39. Kg4 h6 40. h4 Rc8
41. g3 Re8 42. Rb7+ Kc8 43. Rh7 h5+ 44. Kg5 Re6 45. Rg7 Ne7 46. g4 Kd8 47. gxh5
gxh5 48. Kxh5 Ke8 49. Rg5 Nc6 50. Rg6 Kf7 51. Rxe6 Kxe6 52. Kg6 Na5 53. h5 Nc4
54. h6 Nd2 55. h7 1-0

[Event "GBR-ch86"]
[Site "Scarborough"]
[Date "1999.08.12"]
[Round "10.44"]
[White "Richards, Heather"]
[Black "Cooper, Andrew G"]
[Result "0-1"]
[WhiteElo "2117"]
[BlackElo "2151"]
[PlyCount "114"]
[EventDate "1999.08.02"]
[EventType "swiss"]
[EventRounds "11"]
[EventCountry "GBR"]

1. e4 e6 2. d4 d5 3. Nc3 Bb4 4. Qd3 Nf6 5. e5 Ne4 6. Nge2 c5 7. a3 Bxc3+ 8.
Nxc3 cxd4 9. Nxe4 dxe4 10. Qxe4 Nc6 11. Bd3 Qa5+ 12. Bd2 Qxe5 13. O-O Qxe4 14.
Bxe4 O-O 15. Rfe1 f6 16. Bxc6 bxc6 17. Bb4 Rd8 18. Bc5 e5 19. b4 Bf5 20. Rac1
a5 21. Red1 axb4 22. axb4 Ra2 23. Rd2 Rda8 24. Kf1 d3 25. Ke1 Rxc2 26. Rdxc2
dxc2 27. Ke2 Kf7 28. Kd2 Ke6 29. Kc3 Rd8 30. Be3 Rd1 31. Kc4 g5 32. Kc3 Kd5 33.
g3 Be4 34. h3 Ke6 35. Kb2 h6 36. Ra1 Rb1+ 37. Ka2 Bd5+ 38. Ka3 Rxa1+ 39. Kb2
c1=Q+ 40. Bxc1 Rxc1 41. Kxc1 f5 42. Kd2 f4 43. Ke2 e4 44. Kd2 Ke5 45. Ke2 Bc4+
46. Kd2 e3+ 47. fxe3 fxg3 48. Ke1 Ke4 49. b5 cxb5 50. h4 gxh4 51. Kd1 g2 52.
Kc1 g1=Q+ 53. Kd2 Qxe3+ 54. Kc2 Kd4 55. Kb2 Qc3+ 56. Kb1 Qd2 57. Ka1 Qa2# 0-1

[Event "GBR-ch86"]
[Site "Scarborough"]
[Date "1999.08.12"]
[Round "10.45"]
[White "McDonnell, James"]
[Black "Clarke, Thomas"]
[Result "0-1"]
[WhiteElo "2051"]
[BlackElo "2204"]
[PlyCount "49"]
[EventDate "1999.08.02"]
[EventType "swiss"]
[EventRounds "11"]
[EventCountry "GBR"]

1. e4 e6 2. d4 d5 3. Nd2 Nf6 4. e5 Nfd7 5. Bd3 c5 6. c3 Nc6 7. Ne2 cxd4 8. cxd4
Qb6 9. Nf3 f6 10. exf6 Nxf6 11. O-O Bd6 12. Nc3 O-O 13. Be3 Bd7 14. Re1 Kh8 15.
h3 Be8 16. Na4 Qd8 17. a3 Bh5 18. Be2 Ne4 19. Rc1 Rc8 20. Nh2 Qh4 21. f3 Ng3
22. Nc5 Nf5 23. Bf2 Bxh2+ 24. Kxh2 Qxf2 25. Bf1 0-1

[Event "GBR-ch86"]
[Site "Scarborough"]
[Date "1999.08.13"]
[Round "11.3"]
[White "Turner, Matthew"]
[Black "Rowson, Jonathan"]
[Result "1/2-1/2"]
[WhiteElo "2478"]
[BlackElo "2490"]
[PlyCount "96"]
[EventDate "1999.08.02"]
[EventType "swiss"]
[EventRounds "11"]
[EventCountry "GBR"]

1. e4 c5 2. Nc3 Nc6 3. f4 g6 4. Nf3 Bg7 5. Bb5 Nd4 6. Bd3 d6 7. Nxd4 cxd4 8.
Ne2 Nf6 9. c3 dxc3 10. bxc3 O-O 11. O-O b6 12. Bc2 Bb7 13. d3 Qc7 14. Kh1 e6
15. Bd2 Nd7 16. f5 exf5 17. exf5 Qc6 18. Rf2 Nf6 19. Nd4 Qc5 20. Qf1 Rae8 21.
Bb3 Bd5 22. Bd1 h6 23. Nb3 Qc7 24. c4 Bb7 25. fxg6 fxg6 26. Rc1 Qd7 27. Rf4 g5
28. Rf5 Bc8 29. Rf3 g4 30. Rf4 Nh5 31. Rxf8+ Rxf8 32. Qe1 Qf7 33. Be2 Nf4 34.
Bf1 a5 35. Be3 Bb7 36. Qg3 Nh3 37. Be2 h5 38. Nd2 Be5 39. Qh4 Bf6 40. Qe1 Qe7
41. Ne4 Bxe4 42. dxe4 Qxe4 43. c5 Kh8 44. Qd2 dxc5 45. Bd3 Qd5 46. Bxc5 Bg5 47.
Qc3+ Bf6 48. Qd2 Bg5 1/2-1/2

[Event "GBR-ch86"]
[Site "Scarborough"]
[Date "1999.08.13"]
[Round "11.4"]
[White "Davies, Nigel"]
[Black "Gormally, Daniel"]
[Result "1-0"]
[WhiteElo "2518"]
[BlackElo "2476"]
[PlyCount "75"]
[EventDate "1999.08.02"]
[EventType "swiss"]
[EventRounds "11"]
[EventCountry "GBR"]

1. Nf3 Nf6 2. g3 g6 3. b4 Bg7 4. Bb2 d6 5. Bg2 c5 6. bxc5 dxc5 7. O-O O-O 8. c4
Nc6 9. Ne5 Nxe5 10. Bxe5 Qb6 11. Qb3 Qe6 12. f4 Nd7 13. Bxg7 Kxg7 14. Nc3 Nb6
15. d3 Qe3+ 16. Kh1 Bd7 17. Bxb7 Rab8 18. Bf3 h5 19. Qa3 Bg4 20. Qc1 Qd4 21.
Nb5 Qd7 22. Nc3 h4 23. Qe3 Bxf3+ 24. Rxf3 hxg3 25. Rxg3 Qc6+ 26. Qf3 Qf6 27.
Rc1 Rh8 28. Ne4 Qh4 29. h3 Nd7 30. Rcg1 Rb2 31. Ng5 Rf8 32. a4 Rb6 33. Qe3 Re8
34. f5 Nf8 35. Qxc5 f6 36. Nf3 Qh5 37. a5 Rb2 38. Qc6 1-0

[Event "GBR-ch86"]
[Site "Scarborough"]
[Date "1999.08.13"]
[Round "11.6"]
[White "Ward, Christopher G"]
[Black "Conquest, Stuart"]
[Result "0-1"]
[WhiteElo "2473"]
[BlackElo "2555"]
[PlyCount "56"]
[EventDate "1999.08.02"]
[EventType "swiss"]
[EventRounds "11"]
[EventCountry "GBR"]

1. d4 Nf6 2. c4 g6 3. f3 Nc6 4. d5 Ne5 5. e4 d6 6. Nc3 Bg7 7. f4 Ned7 8. Nf3
O-O 9. Bd3 c6 10. O-O Qb6+ 11. Kh1 Nc5 12. h3 Qa6 13. g4 cxd5 14. exd5 Nxd3 15.
Qxd3 e6 16. Rd1 b6 17. dxe6 fxe6 18. Kh2 Qb7 19. Kg3 Rd8 20. Be3 Qe7 21. Bd4
Bb7 22. Qe3 Rac8 23. b3 e5 24. fxe5 dxe5 25. Nxe5 Ne4+ 26. Nxe4 Rxd4 27. Rxd4
Qxe5+ 28. Qf4 Qxd4 0-1

[Event "GBR-ch86"]
[Site "Scarborough"]
[Date "1999.08.13"]
[Round "11.7"]
[White "Thipsay, Praveen"]
[Black "Lalic, Bogdan"]
[Result "0-1"]
[WhiteElo "2492"]
[BlackElo "2550"]
[PlyCount "90"]
[EventDate "1999.08.02"]
[EventType "swiss"]
[EventRounds "11"]
[EventCountry "GBR"]

1. e4 d6 2. d4 Nf6 3. Nc3 g6 4. f4 Bg7 5. Nf3 O-O 6. Bd3 Na6 7. O-O c5 8. d5
Rb8 9. Kh1 Bg4 10. h3 Bxf3 11. Rxf3 Nc7 12. a4 a6 13. a5 Nd7 14. Na4 Kh8 15. c4
e6 16. Bd2 exd5 17. exd5 b5 18. axb6 Nxb6 19. Nc3 f5 20. Ra2 Nd7 21. b3 Nf6 22.
Qc2 Re8 23. Ra1 Qc8 24. Rb1 Re7 25. Na4 Ne4 26. Be1 Ne8 27. Nc3 Nxc3 28. Bxc3
Nf6 29. Rff1 Qf8 30. Rfe1 Nh5 31. b4 cxb4 32. Rxb4 Rbe8 33. Rxe7 Qxe7 34. Rb1
Nxf4 35. Re1 Qf8 36. Bxg7+ Kxg7 37. Qc3+ Kf7 38. Bf1 Rxe1 39. Qxe1 Qe7 40. Qa1
Nh5 41. Qc3 Qf6 42. Qd3 Qe5 43. c5 dxc5 44. d6 Ng3+ 45. Kg1 Qd4+ 0-1

[Event "GBR-ch86"]
[Site "Scarborough"]
[Date "1999.08.13"]
[Round "11.8"]
[White "Sasikiran, Krishnan"]
[Black "Hunt, Harriet"]
[Result "1-0"]
[WhiteElo "2536"]
[BlackElo "2420"]
[PlyCount "89"]
[EventDate "1999.08.02"]
[EventType "swiss"]
[EventRounds "11"]
[EventCountry "GBR"]

1. d4 Nf6 2. c4 e6 3. Nc3 Bb4 4. Qc2 O-O 5. a3 Bxc3+ 6. Qxc3 b6 7. Bg5 c5 8.
dxc5 bxc5 9. e3 h6 10. Bh4 Ba6 11. f3 Nc6 12. O-O-O Qe7 13. Bd3 Rab8 14. Nh3
Rb6 15. Nf2 g5 16. Bg3 e5 17. Bc2 Qe6 18. Ng4 Nxg4 19. fxg4 Qxc4 20. Qxc4 Bxc4
21. Rxd7 Be6 22. Rd6 Na5 23. Rxb6 axb6 24. Rd1 Nc4 25. Rd3 Bxg4 26. Rc3 Be6 27.
a4 Re8 28. Bd3 Na5 29. Bxe5 Bb3 30. Bc7 Re6 31. Bb5 c4 32. e4 Rxe4 33. Bxb6 Nb7
34. Re3 Rf4 35. a5 Nd6 36. Bc6 Kg7 37. a6 Nc8 38. Bc7 Rf2 39. Bb7 Na7 40. Bb8
Nb5 41. a7 Rf1+ 42. Kd2 Rd1+ 43. Ke2 Nxa7 44. Rxb3 Rd8 45. Ra3 1-0

[Event "GBR-ch86"]
[Site "Scarborough"]
[Date "1999.08.13"]
[Round "11.10"]
[White "Ledger, David"]
[Black "Baburin, Alexander"]
[Result "0-1"]
[WhiteElo "2240"]
[BlackElo "2593"]
[PlyCount "78"]
[EventDate "1999.08.02"]
[EventType "swiss"]
[EventRounds "11"]
[EventCountry "GBR"]

1. e4 Nf6 2. e5 Nd5 3. d4 d6 4. c4 Nb6 5. exd6 exd6 6. Nc3 Be7 7. h3 O-O 8. Nf3
Bf6 9. Be2 Nc6 10. O-O Bf5 11. Be3 Re8 12. b3 h6 13. Qd2 d5 14. c5 Nc8 15. Rac1
N8e7 16. Nh2 b6 17. Na4 Bd7 18. Ng4 Nf5 19. Nxf6+ Qxf6 20. Nc3 Ncxd4 21. Nxd5
Nxe2+ 22. Qxe2 Qe5 23. Rfd1 Bc6 24. Qf3 Rad8 25. Bf4 Qe6 26. Nxc7 Bxf3 27. Rxd8
Qg6 28. Rxe8+ Kh7 29. g3 Nd4 30. cxb6 axb6 31. Kh2 Bb7 32. Re3 Nf3+ 33. Kg2
Ng5+ 34. Kh2 Nxh3 35. Rc4 Nxf2 36. Re7 Ng4+ 37. Kg1 Qb1+ 38. Bc1 Qxa2 39. Rxg4
Qg2# 0-1

[Event "GBR-ch86"]
[Site "Scarborough"]
[Date "1999.08.13"]
[Round "11.11"]
[White "Pert, Nicholas"]
[Black "Buckley, Simon"]
[Result "1-0"]
[WhiteElo "2425"]
[BlackElo "2216"]
[PlyCount "77"]
[EventDate "1999.08.02"]
[EventType "swiss"]
[EventRounds "11"]
[EventCountry "GBR"]

1. d4 Nf6 2. Nf3 g6 3. g3 Bg7 4. Bg2 O-O 5. O-O d6 6. c4 a6 7. Nc3 Nc6 8. h3
Rb8 9. Be3 b5 10. Nd2 Na5 11. cxb5 axb5 12. b4 Nc4 13. Nxc4 bxc4 14. b5 Bb7 15.
d5 e6 16. Rb1 Nd7 17. Qd2 Re8 18. Rfc1 Nb6 19. Bg5 Bf6 20. Bxf6 Qxf6 21. e3
exd5 22. Nxd5 Bxd5 23. Bxd5 c3 24. Qd3 Re5 25. Bg2 Rc5 26. Rb3 Na4 27. Qe4 Nb2
28. Bf1 Re5 29. Qd4 Ra8 30. Qxc3 Na4 31. Qc6 Rae8 32. Qxc7 Rc5 33. Rxc5 Nxc5
34. Qc6 Re7 35. Rb4 Qc3 36. Qxd6 Rd7 37. Rc4 Qa1 38. Qb8+ Kg7 39. Rxc5 1-0

[Event "GBR-ch86"]
[Site "Scarborough"]
[Date "1999.08.13"]
[Round "11.12"]
[White "Houska, Jovanka"]
[Black "Summerscale, Aaron"]
[Result "0-1"]
[WhiteElo "2251"]
[BlackElo "2423"]
[PlyCount "66"]
[EventDate "1999.08.02"]
[EventType "swiss"]
[EventRounds "11"]
[EventCountry "GBR"]

1. e4 Nf6 2. e5 Nd5 3. d4 d6 4. Be2 g6 5. c4 Nb6 6. exd6 cxd6 7. Nc3 Bg7 8. Be3
O-O 9. Nf3 Nc6 10. O-O Bg4 11. b3 e5 12. d5 Ne7 13. Rc1 Rc8 14. Nd2 Bxe2 15.
Qxe2 Nf5 16. a4 Nxe3 17. fxe3 a6 18. b4 f5 19. a5 Nd7 20. Kh1 e4 21. Nb3 Ne5
22. Na4 Nd3 23. Nb6 Rc7 24. Qd2 Be5 25. g3 h5 26. Rcd1 h4 27. Kg2 hxg3 28. Nc1
Qh4 29. h3 f4 30. Rxf4 Nxf4+ 31. exf4 Rxf4 32. Rf1 Rxf1 33. Kxf1 Rf7+ 0-1

[Event "GBR-ch86"]
[Site "Scarborough"]
[Date "1999.08.13"]
[Round "11.14"]
[White "Aikhoje, Odion"]
[Black "Gallagher, Joseph G"]
[Result "1-0"]
[WhiteElo "2341"]
[BlackElo "2521"]
[PlyCount "81"]
[EventDate "1999.08.02"]
[EventType "swiss"]
[EventRounds "11"]
[EventCountry "GBR"]

1. Nf3 Nf6 2. d4 d6 3. Bg5 Nbd7 4. Nbd2 h6 5. Bh4 g5 6. Bg3 Nh5 7. e3 Bg7 8.
Bc4 e6 9. Bb3 Qe7 10. c3 b6 11. Ne5 dxe5 12. Qxh5 Bb7 13. O-O exd4 14. cxd4 O-O
15. Rac1 c5 16. Ba4 Rfd8 17. Bxd7 Qxd7 18. Nc4 cxd4 19. Nd6 Ba6 20. Rfd1 e5 21.
Nc4 Qe6 22. b3 Rac8 23. h4 b5 24. Na5 dxe3 25. hxg5 Rxd1+ 26. Rxd1 hxg5 27.
fxe3 Qe7 28. b4 Rc2 29. Rd5 Rc1+ 30. Kh2 Bc8 31. Rxb5 Bd7 32. Rb8+ Rc8 33. Rb7
a6 34. e4 Bf6 35. Qh6 Bg7 36. Qxa6 Qe6 37. Qxe6 Bxe6 38. b5 Ra8 39. Nc6 Rxa2
40. b6 Kh7 41. Ra7 1-0

[Event "GBR-ch86"]
[Site "Scarborough"]
[Date "1999.08.13"]
[Round "11.15"]
[White "Hebden, Mark"]
[Black "Scannell, Stephen"]
[Result "1-0"]
[WhiteElo "2510"]
[BlackElo "2069"]
[PlyCount "51"]
[EventDate "1999.08.02"]
[EventType "swiss"]
[EventRounds "11"]
[EventCountry "GBR"]

1. e4 c6 2. d4 d5 3. exd5 cxd5 4. c4 Nf6 5. Nc3 e6 6. Nf3 Be7 7. cxd5 Nxd5 8.
Bd3 O-O 9. O-O Nc6 10. Re1 Bf6 11. Be4 Nce7 12. Ne5 g6 13. Bh6 Bg7 14. Bxg7
Kxg7 15. Qf3 Nxc3 16. bxc3 Qc7 17. Qf4 Qxc3 18. Rac1 Qa5 19. h4 f6 20. Ng4 Nd5
21. Bxd5 Qxd5 22. Rc5 g5 23. hxg5 fxg5 24. Qe3 Qd8 25. Rxg5+ Kf7 26. d5 1-0

[Event "GBR-ch86"]
[Site "Scarborough"]
[Date "1999.08.13"]
[Round "11.16"]
[White "Saravanan, Venkat"]
[Black "Knott, Simon"]
[Result "1-0"]
[WhiteElo "2429"]
[BlackElo "2348"]
[PlyCount "85"]
[EventDate "1999.08.02"]
[EventType "swiss"]
[EventRounds "11"]
[EventCountry "GBR"]

1. e4 e6 2. d4 d5 3. Nc3 Bb4 4. e5 c5 5. a3 Bxc3+ 6. bxc3 Nc6 7. Nf3 Qa5 8. Qd2
b6 9. a4 Ba6 10. Bxa6 Qxa6 11. dxc5 bxc5 12. Ba3 f6 13. Qe3 Nxe5 14. Nxe5 fxe5
15. Qxc5 Kd7 16. Rb1 Qc6 17. Qe3 Qxa4 18. Qxe5 Qe4+ 19. Qxe4 dxe4 20. O-O Nf6
21. Rfd1+ Kc8 22. Rb4 Rb8 23. Rc4+ Kb7 24. Bc5 Rhc8 25. Ra1 a6 26. Rb4+ Kc6 27.
Be3 Rxb4 28. Rxa6+ Kd5 29. cxb4 Rxc2 30. h3 Rb2 31. Bc5 h5 32. Ra7 g5 33. Rg7
g4 34. Be7 Nd7 35. hxg4 hxg4 36. Rxg4 Nb8 37. Rg5+ e5 38. Rg6 Rb1+ 39. Kh2 Rb2
40. Bc5 Kc4 41. Rd6 Re2 42. Ba7 Kxb4 43. Bxb8 1-0

[Event "GBR-ch86"]
[Site "Scarborough"]
[Date "1999.08.13"]
[Round "11.17"]
[White "Broomfield, Matthew"]
[Black "Williams, Simon Kim"]
[Result "1/2-1/2"]
[WhiteElo "2164"]
[BlackElo "2421"]
[PlyCount "37"]
[EventDate "1999.08.02"]
[EventType "swiss"]
[EventRounds "11"]
[EventCountry "GBR"]

1. Nf3 f5 2. g3 Nf6 3. Bg2 e6 4. d3 Be7 5. O-O O-O 6. c4 d6 7. Nc3 e5 8. e4 c6
9. exf5 Bxf5 10. d4 e4 11. Ng5 d5 12. Qb3 Qb6 13. Qxb6 axb6 14. cxd5 cxd5 15.
f3 Nc6 16. fxe4 Nxe4 17. Ngxe4 dxe4 18. Be3 Nb4 19. Rf2 1/2-1/2

[Event "GBR-ch86"]
[Site "Scarborough"]
[Date "1999.08.13"]
[Round "11.18"]
[White "Dunnington, Angus J"]
[Black "Mason, Donald"]
[Result "1-0"]
[WhiteElo "2366"]
[BlackElo "2284"]
[PlyCount "77"]
[EventDate "1999.08.02"]
[EventType "swiss"]
[EventRounds "11"]
[EventCountry "GBR"]

1. e4 e6 2. d3 d5 3. Qe2 Nf6 4. Nf3 Be7 5. g3 c5 6. Bg2 Nc6 7. O-O O-O 8. e5
Nd7 9. c4 f6 10. exf6 Nxf6 11. Nc3 Nd4 12. Qd1 b6 13. Bf4 Nxf3+ 14. Qxf3 Bb7
15. Qe2 Qd7 16. Bh3 Kh8 17. Bxe6 Qd8 18. cxd5 Bd6 19. Be5 Re8 20. d4 Nxd5 21.
Bxd5 Bxd5 22. Nxd5 cxd4 23. Bxg7+ Kxg7 24. Qg4+ Kh8 25. Qxd4+ Be5 26. Qd2 Qd6
27. Rad1 Rad8 28. Qc2 Qe6 29. Qb3 Qh3 30. Ne3 Rxd1 31. Rxd1 Rf8 32. Qb5 Bg7 33.
b3 Qe6 34. Qd7 Qf6 35. Rd2 Qc3 36. Nf5 Be5 37. Re2 Qa1+ 38. Kg2 Bf6 39. Re8 1-0

[Event "GBR-ch86"]
[Site "Scarborough"]
[Date "1999.08.13"]
[Round "11.19"]
[White "Hunt, Adam"]
[Black "Houska, Miroslav"]
[Result "1-0"]
[WhiteElo "2288"]
[BlackElo "2364"]
[PlyCount "33"]
[EventDate "1999.08.02"]
[EventType "swiss"]
[EventRounds "11"]
[EventCountry "GBR"]

1. e4 e5 2. Nf3 Nc6 3. Bb5 Nf6 4. O-O Nxe4 5. d4 Nd6 6. Bxc6 dxc6 7. dxe5 Nf5
8. Qxd8+ Kxd8 9. Nc3 Ke8 10. Bf4 Be6 11. Rfd1 Bb4 12. Ne2 h6 13. Nfd4 Nxd4 14.
Nxd4 Ke7 15. Be3 Rhe8 16. a3 Bc5 17. Nxc6+ 1-0

[Event "GBR-ch86"]
[Site "Scarborough"]
[Date "1999.08.13"]
[Round "11.20"]
[White "Cobb, James E"]
[Black "Haslinger, Stewart"]
[Result "1-0"]
[WhiteElo "2349"]
[BlackElo "2267"]
[PlyCount "113"]
[EventDate "1999.08.02"]
[EventType "swiss"]
[EventRounds "11"]
[EventCountry "GBR"]

1. Nf3 d5 2. d4 e6 3. c4 c6 4. e3 Nf6 5. Bd3 dxc4 6. Bxc4 b5 7. Bd3 a6 8. a4
Bb7 9. e4 Qb6 10. Qe2 Nbd7 11. e5 Nd5 12. Nc3 Nb4 13. Bb1 c5 14. dxc5 Bxc5 15.
O-O bxa4 16. Bf4 Nd5 17. Nxd5 Bxd5 18. Ng5 Qb4 19. Bg3 Bd4 20. Be4 Nb6 21. Rac1
h6 22. Qh5 O-O 23. Bh7+ Kh8 24. Rc7 Rac8 25. Ra7 Ra8 26. Nxf7+ Rxf7 27. Rxf7
Kxh7 28. Bf4 Kg8 29. Qg6 Qf8 30. Rxf8+ Kxf8 31. Be3 Bxb2 32. Bxb6 a3 33. Bc5+
Kg8 34. Qd3 a2 35. Bd4 a1=Q 36. Rxa1 Bxa1 37. Bxa1 a5 38. h3 a4 39. Qa3 Bb3 40.
Bd4 Rc8 41. Bc5 Rd8 42. Qb4 Ra8 43. Qb7 Bd5 44. Qe7 Rb8 45. Kh2 Rb7 46. Qe8+
Kh7 47. Qxa4 Rf7 48. Qe8 Rb7 49. h4 Rb3 50. h5 Rb7 51. g4 Bc4 52. Be3 Bd5 53.
Qg6+ Kh8 54. g5 hxg5 55. Bxg5 Ra7 56. h6 Kg8 57. Bf6 1-0